Among Us Tasks - Statistics

General Stats
  • This quiz has been taken 1,868 times
    239 since last reset
  • The average score is 16 of 72
Answer Stats
Answer % Correct
Fix Wiring
88%
Submit Scan
80%
Swipe Card
77%
Empty Garbage
75%
Download/Upload Data
73%
Start Reactor
66%
Clear Asteroids
61%
Extract Fuel
57%
Fuel Engines
57%
Prime Shields
55%
Clean Vent
50%
Clean O2 Filter
42%
Divert Power
37%
Inspect Sample
36%
Chart Course
27%
Unlock Manifolds
27%
Align Engine Output
25%
Enter ID Code
24%
Sort Samples
24%
Stabilize Steering
24%
Insert Keys
23%
Collect Samples
22%
Make Burger
22%
Buy Beverage
21%
Water Plants
21%
Calibrate Distributor
19%
Monitor Tree
19%
Record Temperature
18%
Align Telescope
17%
Assemble Artifact
16%
Clean Toilet
16%
Fix Shower
15%
Fix Weather Node
14%
Measure Weather
14%
Open Waterways
14%
Fill Canisters
13%
Repair Drill
13%
Cook Fish
12%
Process Data
12%
Reboot Wifi
12%
Unlock Safe
12%
Pick Up Towels
11%
Polish Ruby
11%
Store Artifacts
11%
Dress Mannequin
10%
Roast Marshmallow
10%
Scan Boarding Pass
10%
Build Sandcastle
9%
Decontaminate
8%
Lift Weights
8%
Monitor Mushroom
8%
Play Video Game
8%
Polish Gem
8%
Put Away Pistols
8%
Replace Water Jug
8%
Develop Photos
7%
Help Critter
7%
Mine Ores
7%
Run Diagnostics
7%
Sort Records
7%
Collect Shells
6%
Fix Antenna
6%
Put Away Rifles
6%
Reset Breakers
6%
Rewind Tapes
6%
Throw Frisbee
6%
Collect Vegetables
5%
Crank Generator
5%
Find Signal
5%
Hoist Supplies
5%
Replace Parts
5%
Start Fans
3%
No matching quizzes found
Score Distribution
Percent of People with Each Score
Percentile by Number Answered
Your Score History
You have not taken this quiz since the last reset